000 01458nas a22003015i 4500
001 1615-5939
003 DE-He213
005 20200203195404.0
007 cr nn 008mamaa
008 150723s||||||||xxuuu poo|||||| b|EN |d
022 _a1615-5939
024 7 _a547
_2local
210 1 0 _aInt J Angiol
245 1 0 _aInternational Journal of Angiology
_h[electronic resource] /
_cedited by John B. Chang.
264 1 _aNew York :
_bSpringer New York :
_bImprint: .
300 _bonline resource.
310 _aQuarterly
520 _aInternational Journal of Angiology is the official publication of the International College of Angiology. International Journal of Angiology is dedicated to promoting multi-disciplinary approaches to all aspects of vascular disease. The goal of the journal is to provide a medium for timely publication of scientific materials of interest to clinicians in the fields of cardiovascular medicine and surgery.
650 0 _aAngiology.
650 1 4 _aAngiology.
_0http://scigraph.springernature.com/things/product-market-codes/H33010
700 1 _aChang, John B.
_eeditor.
_4edt
_4http://id.loc.gov/vocabulary/relators/edt
710 2 _aSpringerLink (Online service)
776 0 8 _iPrinted version:
_x1061-1711
856 4 0 _uhttp://link.springer.com/journal/547
_zHybrid
999 _c457677
_d457677
942 _cEMG